| 000 | 00417nam a22001457a 4500 | ||
|---|---|---|---|
| 999 |
_c18464 _d18464 |
||
| 008 | 200812b xxu||||| |||| 00| 0 eng d | ||
| 020 | _a1305094506 | ||
| 050 |
_aHB871 _b.W44 2016 c.1 |
||
| 100 | _aWeeks, John R. | ||
| 245 |
_aPopulation _ban introduction to concepts and issues _cJohn R. Weeks |
||
| 250 | _a12th ed. | ||
| 260 |
_aAustralia _bCengage Learning _c2016 |
||
| 300 | _axxv, 580p. | ||
| 942 |
_2lcc _cBK |
||